<?xml version="1.0" encoding="UTF-8"?>
<record
    xmlns:xsi="http://www.w3.org/2001/XMLSchema-instance"
    xsi:schemaLocation="http://www.loc.gov/MARC21/slim http://www.loc.gov/standards/marcxml/schema/MARC21slim.xsd"
    xmlns="http://www.loc.gov/MARC21/slim">

  <leader>00949npm a2200241 i 4500</leader>
  <controlfield tag="001">5303</controlfield>
  <controlfield tag="003">ES-MaACL</controlfield>
  <controlfield tag="005">20230909110925.0</controlfield>
  <controlfield tag="007">hzrazu   bucu</controlfield>
  <controlfield tag="008">900430r19901828fr      b     00010 fre d</controlfield>
  <datafield tag="080" ind1=" " ind2=" ">
    <subfield code="a">8.09</subfield>
  </datafield>
  <datafield tag="100" ind1="1" ind2=" ">
    <subfield code="a">Schlegel, Friedrich (</subfield>
    <subfield code="d">1772-1829)</subfield>
    <subfield code="9">104394</subfield>
  </datafield>
  <datafield tag="245" ind1="1" ind2="0">
    <subfield code="a">Histoire de la Litterature ancienne et moderne </subfield>
    <subfield code="b">: [Microforma] /</subfield>
    <subfield code="c">par F. Schlegel ; traduit de l'allemand... par William Duckett.</subfield>
  </datafield>
  <datafield tag="260" ind1=" " ind2=" ">
    <subfield code="a">Madrid : </subfield>
    <subfield code="b">Ateneo Cientifico, Literario y Artistico, </subfield>
    <subfield code="c">1990.</subfield>
  </datafield>
  <datafield tag="300" ind1=" " ind2=" ">
    <subfield code="a">3 microfichas : </subfield>
    <subfield code="b">negativo.</subfield>
  </datafield>
  <datafield tag="500" ind1=" " ind2=" ">
    <subfield code="a">Publicado originalmente: Paris, Geneve Cherbulier, 1828, en 2 v.</subfield>
  </datafield>
  <datafield tag="505" ind1="8" ind2=" ">
    <subfield code="a">Microficha n. 1: Tomo 1 (p.399) -- Microficha n. 2: Tomo 1 a tomo 2 (p.340) -- Microficha n. 3: Tomo 2 a tomo 3</subfield>
  </datafield>
  <datafield tag="650" ind1="1" ind2="4">
    <subfield code="a">Obras de 1800.</subfield>
    <subfield code="9">15662</subfield>
  </datafield>
  <datafield tag="700" ind1="1" ind2=" ">
    <subfield code="a">Duckett, William (</subfield>
    <subfield code="d">1805-1873)</subfield>
    <subfield code="9">45836</subfield>
  </datafield>
  <datafield tag="852" ind1=" " ind2=" ">
    <subfield code="a">ES-MaACL</subfield>
    <subfield code="j">MCF-46</subfield>
    <subfield code="9">5420</subfield>
  </datafield>
  <datafield tag="942" ind1=" " ind2=" ">
    <subfield code="2">udc</subfield>
    <subfield code="c">MICROFORMA</subfield>
  </datafield>
  <datafield tag="999" ind1=" " ind2=" ">
    <subfield code="c">5303</subfield>
    <subfield code="d">5303</subfield>
  </datafield>
  <datafield tag="952" ind1=" " ind2=" ">
    <subfield code="0">0</subfield>
    <subfield code="1">0</subfield>
    <subfield code="2">udc</subfield>
    <subfield code="4">0</subfield>
    <subfield code="7">0</subfield>
    <subfield code="8">LIBXIX</subfield>
    <subfield code="a">ATENEOM</subfield>
    <subfield code="b">ATENEOM</subfield>
    <subfield code="c">DEPO1</subfield>
    <subfield code="d">2008-01-17</subfield>
    <subfield code="l">0</subfield>
    <subfield code="o">MCF-46</subfield>
    <subfield code="p">1005366</subfield>
    <subfield code="r">2023-02-23 00:00:00</subfield>
    <subfield code="w">2023-02-23</subfield>
    <subfield code="y">MICROFORMA</subfield>
  </datafield>
</record>
